Countries with the Most Holidays 2024 - Statistics

General Stats
  • This quiz has been taken 60 times
  • The average score is 10 of 21
Answer Stats
# Country % Correct
16 Japan
82%
21 India
79%
16 Indonesia
75%
26 Iran
73%
21-25 Malaysia
64%
16 Pakistan
63%
22 Bangladesh
61%
32 Myanmar
59%
16 Thailand
59%
21 Cambodia
57%
39 Nepal
54%
22 Egypt
52%
18 Philippines
50%
25 Sri Lanka
48%
18 Colombia
36%
19 Lebanon
34%
19 Argentina
32%
16 Kazakhstan
29%
16 Iceland
20%
16 Tanzania
13%
20-22 Liechtenstein
5%
No matching quizzes found
Score Distribution
Percent of People with Each Score
Percentile by Number Answered
Your Score History
You have not taken this quiz